000 00992nam a22003017a 4500
003 CHAP
005 20220329143353.0
008 090109s1994 mx a r 00010 spa d
010 _a95630
011 _a96602
035 _a107256
040 _cCHAP
082 0 4 _a741.6
_bM36
100 1 _aMartínez Trigueros, Heriberto.
_972576
245 1 0 _aImagen de identidad global :
_bson de merengue
_c/por Heriberto Martínez Trigueros
260 _aMéxico :
_bEl Autor,
_c1994
300 _a118 p. :
_bilus.
590 _aBATCH-UPD
_b10
_c20130110
_lUCH01
_h0752
590 _aBATCH-UPD
_b10
_c20130410
_lUCH01
_h0432
590 _aBATCH-UPD
_b10
_c20130914
_lUCH01
_h1205
590 _aCONVERSION
_b10
_c20130109
_lUCH01
_h1353
650 0 4 _aDiseño gráfico.
_932731
650 0 4 _aMúsica
_xHistoria.
_979143
650 0 4 _aRepública Dominicana
_xCondiciones sociales.
_996020
901 _aBK
942 _cLIBRO
949 _a741.6 M36
_bBC
_cLIBRO
_d33724002079371
_eLIBRO
_gDonaciØn
_h110329
_i107256
_sb
999 _c95630
_d95630